Apostolica diplomata, sive, Pontificia privilegia Fratrum Discalceatorum Ordinis Beatissimae, semperque Virginis Mariae de Monte Carmeli Primitivae Observantiae, tam ea, quae antiquitus fuere concessa, quàm alia, quae deinceps fuerunt indulta / iusu R. A. P. N. Fr. Ioannis ab Annunciatione hisponicae [sic] Congregationis Generalis collecta ; studio, et labore P. Fr. Nicolai ab Incarnatione zamorensi, eiusdem religionis alumno

Detalles Bibliográficos
Autor principal: Nicolás de la Encarnación, O. C. D.
Otros Autores: Juan de la Anunciación, Roman, Antonio, 1643-1699, herederos de, ed
Formato: Libro
Lenguaje:Latin
Publicado: Matriti : ex-typographia haeredum Antonij a Roman, 1700.
Materias:
Colección:Banco de datos
Acervo:Universidad Autónoma Benito Juárez de Oaxaca. Biblioteca Francisco de Burgoa. Colección antigua
Descripción Física:[10] h., 490 p., [29] h. ; f°
Tema general:Derecho eclesiástico
Notas:Portada tipográfica con escudo pontificio, orla y pleca en grabado xilográfico. Texto a dos columnas con paginación en números arábigos, apostillas marginales, reclamos y signaturas. Incluye cabecera de título con motivos fantásticos y el escudo central de los carmelitas en grabado xilográfico. Incluye capitular con motivos florales en grabado xilográfico. Encuadernación en piel sobre cartón. Marca de fuego: Casa del Noviciado de la Compañía de Jesús de Oaxaca, Oax. Marca de fuego: Convento de los Carmelitas Desclazos de Oaxaca, Oax. Ex libris manuscrito en la portada: "Spectat ad Carmelum Urbis Oaxaca". Ex libris manuscrito en la anteportada: "Es del Convento de Religiosos Carmelitas descalzos de la Santa Vera Cruz de Oaxaca". Anotación manuscrita en la anteportada y al final de la obra
LEADER 02376nam a22002290004500
035 |a 3670 
041 0 |a lat 
100 1 |a Nicolás de la Encarnación, O. C. D. 
245 1 0 |a Apostolica diplomata, sive, Pontificia privilegia Fratrum Discalceatorum Ordinis Beatissimae, semperque Virginis Mariae de Monte Carmeli Primitivae Observantiae, tam ea, quae antiquitus fuere concessa, quàm alia, quae deinceps fuerunt indulta / iusu R. A. P. N. Fr. Ioannis ab Annunciatione hisponicae [sic] Congregationis Generalis collecta ; studio, et labore P. Fr. Nicolai ab Incarnatione zamorensi, eiusdem religionis alumno 
260 |a Matriti : ex-typographia haeredum Antonij a Roman, 1700. 
300 |a [10] h., 490 p., [29] h. ; f° 
500 |a Portada tipográfica con escudo pontificio, orla y pleca en grabado xilográfico. Texto a dos columnas con paginación en números arábigos, apostillas marginales, reclamos y signaturas. Incluye cabecera de título con motivos fantásticos y el escudo central de los carmelitas en grabado xilográfico. Incluye capitular con motivos florales en grabado xilográfico. Encuadernación en piel sobre cartón. Marca de fuego: Casa del Noviciado de la Compañía de Jesús de Oaxaca, Oax. Marca de fuego: Convento de los Carmelitas Desclazos de Oaxaca, Oax. Ex libris manuscrito en la portada: "Spectat ad Carmelum Urbis Oaxaca". Ex libris manuscrito en la anteportada: "Es del Convento de Religiosos Carmelitas descalzos de la Santa Vera Cruz de Oaxaca". Anotación manuscrita en la anteportada y al final de la obra 
504 |a Al principio de la obra está la fe de erratas  
504 |a Al final de la obra están el índice de privilegios y otras gracias y el índice de cosas y palabras notables 
650 1 0 |a Derecho eclesiástico 
700 1 |a Juan de la Anunciación 
700 1 |a Roman, Antonio, 1643-1699, herederos de, ed. 
740 0 |a Pontificia privilegia Fratrum Discalceatorum Ordinis Beatissimae, semperque Virginis Mariae de Monte Carmeli Primitivae Observantiae, tam ea, quae antiquitus fuere concessa, quàm alia, quae deinceps fuerunt indulta 
852 |a Universidad Autónoma "Benito Juárez" de Oaxaca, Biblioteca Francisco de Burgoa, Colección antigua 10329 
942 |c BURANT 
943 |g Universidad Autónoma Benito Juárez de Oaxaca. Biblioteca Francisco de Burgoa. Colección antigua 
999 |c 1114681  |d 1114681